LEADER 01324nam a2200301 a 4500 001 000000159272 003 CaOOAMICUS 005 20170307092011.0 008 170307s2004 it u000 u ita r 032 $aLibriCat 040 $aPUL$bita 082 04$a940.01 100 1 $aRomano, Sergio,$d1929-$0(OLS)http://pul/name/35424 245 10$aEuropa storia di un'idea :$bdall'impero all'unione /$cSergio Romano. 260 $aMilano :$bFondazione Achille e Giulia Boroli ;$aMilano :$bLonganesi & c.,$c©2004. 300 $a192 p. ;$c20 cm. 490 1 $aHomo sapiens 504 $aBibliografia in nota. 651 4$aEuropa$xConcetto$xStoria.$0(OLS)http://pul/subject/39216 830 0$aHomo sapiens (Fondazione Achille e Giulia Boroli).$0(OLS)http://pul/title/198889 850 $aPUL 852 $aPUL$W1$xSL Cons. Gen., Altre Classi 3$y75$m940. 01 ROMSE 1$j182578$qDDC 21$B185785$CPULBib$Z2$F185785 $H129026 $81 941 1 $a9 996 $6082$a940.01$9(OLS)http://pul/classification/2516 996 $6245$aEuropa storia di un'idea :$bdall'impero all'unione$9(OLS)http://pul/title/198888 996 $6260$aMilano :$bFondazione Achille e Giulia Boroli$9(OLS)http://pul/publisher/86125 996 $6260$aMilano :$bLonganesi & c.$9(OLS)http://pul/publisher/76770 LEADER 01272nam a2200289 i 4500 001 000000105316 003 CaOOAMICUS 005 20070528093547.0 008 070528s1993 it 000 u ita c 020 $z88-311-3104-2* 040 $aPUG$bita$dPUL$dLDB 041 1 $aita$hgrc 100 0 $aClemens PP.$bI,$cRomanus, s.,$dm. c. 99.$kOpere spurie e dubbie.$0(OLS)http://pul/name/4353 245 12$aI ritrovamenti =$bRecognitiones /$cPseudo-Clemente ; traduzione, introduzione, note e indici a cura di Silvano Cola. 246 31$aRecognitiones 260 $aRoma :$bCittà Nuova,$cc1993. 300 $a436 p. ;$c21 cm 490 1 $aCollana di testi patristici ;$v104 700 1 $aCola, Silvano.$0(OLS)http://pul/name/17953 830 0$aCollana di testi patristici ;$v104.$0(OLS)http://pul/title/17027 850 $aPUL 852 $aPUL$W1$xSL Cons. Gen., Altre Classi 1$y1$m2000 E 104$j118025$qStampati$B117942$CPULBib$Z2$F117942 $H70483 $82 941 1 $a8 996 $6020$z88-311-3104-2*$9(OLS)http://pul/number/134551 996 $6246$aRecognitiones$9(OLS)http://pul/title/132511 996 $6245$aI ritrovamenti =$bRecognitiones$9(OLS)http://pul/title/132510 996 $6260$aRoma :$bCittà Nuova$9(OLS)http://pul/publisher/47927